| 000 | 00904nam a22002895a 4500 | ||
|---|---|---|---|
| 999 |
_c26238 _d26210 |
||
| 001 | 017972138 | ||
| 003 | EG-ScBUE | ||
| 005 | 20210307120726.0 | ||
| 008 | 160801s200u ua f 000 d eng d | ||
| 020 | _a9770520105 | ||
| 040 |
_aEG-ScBUE _beng _erda _cEG-ScBUE _dEG-ScBUE |
||
| 082 | 0 | 4 |
_a822.3 _bJON _222 |
| 100 | 1 |
_aJonson, Ben, _d1573?-1637, _eauthor. |
|
| 245 | 1 | 0 |
_aVolpone / _cby Ben Jonson ; introduction by Aida Ragheb. |
| 264 | 1 |
_aCairo : _bThe Anglo Egyptian Bookshop, _c[200-] |
|
| 300 |
_a151 pages ; _c20 cm |
||
| 336 |
_2rdacontent _atext _btxt |
||
| 337 |
_2rdamedia _aunmediated _bn |
||
| 338 |
_2rdacarrier _avolume _bnc |
||
| 650 | 7 |
_aEnglish drama (Comedy) _2BUEsh |
|
| 650 | 7 |
_aInheritance and succession. _2BUEsh |
|
| 651 | _2BUEsh | ||
| 653 |
_bHHUUEENN _cMarch2018 |
||
| 655 |
_vText book _933728 |
||
| 700 | 1 |
_aRagheb, Aida, _eauthor of introduction, etc. |
|
| 942 |
_2ddc _cTXT |
||